000 00935nam a2200253Ia 4500
003 GCL
008 140319s9999 xx 000 0 ara d
040 _aGCL /
_cGCL
082 0 4 _a323.11927
_bب ح
100 1 _aظريف عبدالله (مترجم)
245 1 0 _aحقوق الانسان العربى /
_cظريف عبدالله (مترجم)
700 1 _aاسامة عبدالرحمن
700 1 _aبرهان غليون
700 1 _aمحمد عبدالملك المتوكل
250 _aالاولى
260 _aبيروت :
_bمركز دراسات الوحدة العربية ،
_c1999
300 _a300 ص ؛
_c24 سم
490 _aسلسلة كتب المستقبل العربى
_v17
650 0 4 _aالاسلام
650 0 4 _aحقوق الانسان
650 0 4 _aالديمقراطية - العالم العربى
650 0 4 _aالمشاركة السياسية - العالم العربى
942 _2ddc
_cBK
999 _c4883
_d4883